Σοφοκλέους τραγωδίαι
Αποθηκεύτηκε σε:
| Κύριος συγγραφέας: | |
|---|---|
| Άλλοι συγγραφείς: | |
| Μορφή: | Βιβλίο |
| Γλώσσα: | Greek |
| Δημοσίευση: |
Αθήνησιν :
Εκ του Τυπογραφείου των Αδελφών Περρή,
1887.
|
| Σειρά: | Ζωγράφειος Ελληνική Βιβλιοθήκη
|
| Θέματα: | |
| Ετικέτες: |
Προσθήκη ετικέτας
Δεν υπάρχουν, Καταχωρήστε ετικέτα πρώτοι!
|
MARC
| LEADER | 00000cam a2200000 i 4500 | ||
|---|---|---|---|
| 001 | 1/38752 | ||
| 008 | 131126s1887####gr | ||| |||| ||gre|| | ||
| 035 | |l 10116078 | ||
| 040 | |a GR-MyUA |b gre |e AACR2 | ||
| 041 | 0 | |a gre | |
| 082 | 0 | |a 882.12 |2 (22) | |
| 100 | 0 | |a Σοφοκλής, |d 496-406. | |
| 245 | 1 | 0 | |a Σοφοκλέους τραγωδίαι / |c διορθώσε και εξηγησάτο Δημήτριος Χ. Σεμιτέλος. |
| 260 | |a Αθήνησιν : |b Εκ του Τυπογραφείου των Αδελφών Περρή, |c 1887. | ||
| 300 | |a 714 σ. ; |c 24 εκ. | ||
| 490 | 1 | |a (Ζωγράφειος Ελληνική Βιβλιοθήκη) | |
| 500 | |a Στο verso ετικέτα "Ιπποκράτης Νικολάου Τη Πορφυριάδι Σχολή των Καρλοβασίων". Στο recto σφραγίδα "Πορφυριάς Αστική Σχολή Καρλοβασίων" με αρ. 112. | ||
| 505 | 0 | |a Τ. 1. Αντιγόνη. | |
| 600 | 0 | 7 | |2 nlgaf |a Σοφοκλής, |d 496-406. |
| 650 | 0 | 0 | |a Greek drama (Tragedy) |
| 700 | 1 | |a Σεμιτέλος, Δημήτριος Χ. |d 1828-1898, |e edt | |
| 740 | 0 | 2 | |a Αντιγόνη |
| 830 | 0 | |a Ζωγράφειος Ελληνική Βιβλιοθήκη | |
| 852 | |a INST |b SAMOS |c PORFYRIADA |e 20131126 |h 882.12 ΣΟΦ |p 005300036080 |q 005300036080 |t NOLOAN |y 23 | ||
| 901 | |a BIBL3-2013-3 | ||
| 909 | |a Σ |b 184256 | ||
| 970 | |a ΚΟΣΙΕΡΗΣ |b ΧΡΗΣΤΟΣ |z 2013/11/26 | ||